| 000 | 00769nam a2200193 a 4500 | ||
|---|---|---|---|
| 003 | 0 | ||
| 005 | 20250328104247.0 | ||
| 008 | 071121s19uu xx 00 eng d | ||
| 050 |
_aPHS JK 2493 _b.C37 2007 |
||
| 100 | _aCaronongan, Arturo III.P. | ||
| 245 |
_aEffects of personal variables on the awareness on charter change / _cArturo III. P. Caronongan. |
||
| 260 |
_aLas PiƱas City, Philipines : _bSouthville International School and Colleges, _c2007. |
||
| 300 |
_a70 pages : _billustrations ; _c28 cm. |
||
| 504 | _aIncludes bibliographical references. | ||
| 650 |
_aCharter Change (Philippines) _xAwareness and perception. |
||
| 650 |
_aPolitical awareness _zPhilippines. |
||
| 650 |
_aConstitutional amendments _zPhilippines _xPublic opinion. |
||
| 942 |
_2lcc _cPASS |
||
| 999 |
_c97805 _d97805 |
||